000 00690nam a2200205Ia 4500
003 GCL
008 140319s9999 xx 000 0 ara d
040 _aGCL /
_cGCL
082 0 4 _a810.94
_bم ا
100 1 _aمحمد عبدالمقصود النادى (مراجع)
245 1 0 _aالاداب العربية فى العصر العباسى الاول /
_cمحمد عبدالمقصود النادى (مراجع)
700 1 _aمحمد عبدالمنعم خفاجى
300 _a382 ص
490 _aكتاب
_v0
650 0 4 _aالادب العربى
650 0 4 _aالخطابة
650 0 4 _aالشعر
650 0 4 _aالادب العربى - تاريخ ونقد
942 _2ddc
_cBK
999 _c41613
_d41613